| 000 | 00775nam a2200217 a 4500 | ||
|---|---|---|---|
| 005 | 20210223120641.0 | ||
| 008 | 991125s1975 mx 000 0 spa u | ||
| 035 | _aUPN01000004872 | ||
| 049 | _aCG | ||
| 050 | 4 |
_aHN120 A8 _bR6.28 |
|
| 100 | 1 | _aRonfeldt, David Frederick | |
| 245 | 1 | 0 |
_aAtencingo : _bla política de la lucha agraria en un ejido mexicano / _cDavid Ronfeldt ; tr. de Mónica Hanson. |
| 260 |
_aMéxico : _bFCE, _c1975. |
||
| 300 | _a278 p. | ||
| 440 | 0 | _aTierra firme | |
| 534 |
_pTraducción de: _tAtencingo : the politics of agrarian struggle in a Mexican ejido |
||
| 650 | 4 |
_aREFORMA AGRARIA - _zATENCINGO, PUEBLA |
|
| 651 | 4 |
_aATENCINGO, PUEBLA - _xCONDICIONES RURALES _98526 |
|
| 651 | 4 |
_aATENCINGO, PUEBLA - _xPOLITICA Y GOBIERNO _98527 |
|
| 905 | _aLibro | ||
| 999 |
_c4872 _d4872 |
||